000 00570nam a2200169 4500
008 010702s1990 us 0 engYA
020 _a0824506391
090 _aBL70
_bSa1s
245 1 0 _aSacred texts of the world :
_ba universal anthology /
_cedited by Ninian Smart and Richard D. Hecht
260 _aNew York :
_bCrossroad,
_cc1990.
300 _axv, 408 p. :
_bills.
504 _aIncludes bibliographical references.
650 4 _aSacred books
700 1 _aHecht, Richard D.
700 1 _aSmart, Ninian
951 _p19167
_oBL70/Sa1s
_j070613110932093
_d2000-12-21
_cREF
999 _c2125
_d2125